[Event "Politiken Cup 30th"]
[Site "Helsingor"]
[Date "2008.07.23"]
[Round "6"]
[White "Christensen, Thomas1111"]
[Black "Brauner, Jan"]
[Result "1-0"]
[WhiteElo "2166"]
[BlackElo "1894"]
[PlyCount "69"]
[EventDate "2008.07.19"]
[EventType "swiss"]
[EventRounds "10"]
[EventCountry "DEN"]
[SourceTitle "CBM 125 Extra"]
[Source "ChessBase"]
[SourceDate "2008.09.01"]
[SourceVersion "1"]
[SourceVersionDate "2008.09.01"]
[SourceQuality "1"]

1. d4 Nf6 2. Nc3 e6 3. e4 Be7 4. e5 Nd5 5. Qg4 Bf8 6. Nxd5 exd5 7. Bg5 Be7 8. Bxe7 Qxe7 9. Qxg7 Qf8 10. Qxf8+ Kxf8 11. Bd3 b6 12. Ne2 Bb7 13. Bf5 Ke7 14. Kd2 c5 15. c3 Na6 16. a3 Nc7 17. Bh3 d6 18. f4 dxe5 19. fxe5 Ne6 20. Bxe6 fxe6 21. Raf1 Rhg8 22. g3 Ba6 23. Rf6 Bxe2 24. Kxe2 Raf8 25. Rhf1 Rxf6 26. Rxf6 c4 27. Kf3 Rg7 28. h4 a6 29. g4 b5 30. g5 a5 31. Kg4 Rf7 32. Kh5 Rxf6 33. gxf6+ Kf7 34. Kh6 Kg8 35. f7+ 1-0

[Event "Politiken Cup 30th"]
[Site "Helsingor"]
[Date "2008.07.19"]
[Round "1"]
[White "Den Heeten, Djurre"]
[Black "Brauner, Jan"]
[Result "1-0"]
[WhiteElo "2278"]
[BlackElo "1894"]
[PlyCount "43"]
[EventDate "2008.07.19"]
[EventType "swiss"]
[EventRounds "10"]
[EventCountry "DEN"]
[SourceTitle "CBM 125 Extra"]
[Source "ChessBase"]
[SourceDate "2008.09.01"]
[SourceVersion "1"]
[SourceVersionDate "2008.09.01"]
[SourceQuality "1"]

1. e4 e5 2. f4 exf4 3. Bc4 g5 4. Nf3 Bg7 5. 0-0 Nc6 6. d4 g4 7. Ne5 Nxe5 8. dxe5 Bxe5 9. Bxf4 Bxf4 10. Rxf4 Nh6 11. Nc3 d6 12. Nd5 Qg5 13. Nxc7+ Kd7 14. Nd5 Kd8 15. Qd4 Re8 16. Raf1 Qe5 17. Qxe5 Rxe5 18. Rf6 Re6 19. Nc3 Rxf6 20. Rxf6 Ng8 21. Rxf7 Ke8 22. Nb5 1-0

[Event "Copenhagen Challenge"]
[Site "Ballerup"]
[Date "2008.04.19"]
[Round "6"]
[White "Brauner, Jan"]
[Black "Grove, Peter"]
[Result "0-1"]
[WhiteElo "1920"]
[BlackElo "2073"]
[PlyCount "102"]
[EventDate "2008.04.16"]
[EventType "swiss"]
[EventRounds "9"]
[EventCountry "DEN"]
[SourceTitle "CBM 123 Extra"]
[Source "ChessBase"]
[SourceDate "2008.05.06"]
[SourceVersion "1"]
[SourceVersionDate "2008.05.06"]
[SourceQuality "1"]

1. e4 c5 2. Nf3 d6 3. d4 cxd4 4. Nxd4 Nf6 5. Nc3 g6 6. Bc4 Bg7 7. 0-0 0-0 8. h3 a6 9. Bg5 b5 10. Bb3 Bb7 11. Re1 Nbd7 12. Qd2 Rc8 13. Rad1 Ne5 14. Bh6 Rxc3 15. Bxg7 Rxb3 16. axb3 Kxg7 17. f4 Nc6 18. e5 dxe5 19. fxe5 Nd5 20. Nf5+ gxf5 21. Qxd5 Qxd5 22. Rxd5 Nb8 23. Rc5 Rd8 24. Rc7 Rd7 25. Rxd7 Nxd7 26. e6 fxe6 27. Rxe6 Kf7 28. Re3 Be4 29. c4 b4 30. Kf2 Nc5 31. Kg3 Kf6 32. h4 h5 33. Kf2 f4 34. Re2 e5 35. Rd2 Bd3 36. Kf3 Kf5 37. Rd1 e4+ 38. Kf2 e3+ 39. Ke1 Ke4 40. Ra1 Nxb3 41. Rxa6 Nd4 42. Kd1 e2+ 43. Kd2 f3 44. Ra8 Bxc4 45. Re8+ Kf4 46. Rf8+ Kg3 47. gxf3 Nxf3+ 48. Rxf3+ Kxf3 49. Ke1 Bg8 50. b3 Bxb3 51. Kd2 Kf2 0-1

[Event "Copenhagen Challenge"]
[Site "Ballerup"]
[Date "2008.04.18"]
[Round "5"]
[White "Pallesen, Jacob"]
[Black "Brauner, Jan"]
[Result "1/2-1/2"]
[WhiteElo "2038"]
[BlackElo "1920"]
[PlyCount "50"]
[EventDate "2008.04.16"]
[EventType "swiss"]
[EventRounds "9"]
[EventCountry "DEN"]
[SourceTitle "CBM 123 Extra"]
[Source "ChessBase"]
[SourceDate "2008.05.06"]
[SourceVersion "1"]
[SourceVersionDate "2008.05.06"]
[SourceQuality "1"]

1. e4 c5 2. Nf3 Nc6 3. Bb5 e6 4. Bxc6 bxc6 5. e5 g6 6. 0-0 Bg7 7. Nc3 Qc7 8. Re1 f6 9. exf6 Nxf6 10. d3 0-0 11. Be3 d6 12. Qd2 Bd7 13. Rab1 Rab8 14. b3 Ng4 15. Bg5 d5 16. h3 Rxf3 17. hxg4 Rf7 18. Bh4 Rbf8 19. Bg3 Qa5 20. Ne4 Qxd2 21. Nxd2 e5 22. f3 Re8 23. b4 cxb4 24. Rxb4 e4 25. Rb7 exd3 1/2-1/2